00373nam a22001337a 450000500170000000800410001704100120005808200130007010000120008324500420009526000470013730000290018465000260021320240808105602.0240808b |||||||| |||| 00| 0 eng d aEnglish a349 SOU  lEnglish aSouth African Law Reports: Transvaal  aCape Town: bJuta and Company Ltd, c1946  bxx, 555 pages; c25 cm.  aLegal practice bLaw